Design of Anemometer (Record no. 325992)
[ view plain ]
| 000 -LEADER | |
|---|---|
| fixed length control field | 00374 a2200133 4500 |
| 001 - CONTROL NUMBER | |
| control field | 90919 |
| 082 ## - DEWEY DECIMAL CLASSIFICATION NUMBER | |
| Classification number | PR 1007 |
| 090 ## - LOCALLY ASSIGNED LC-TYPE CALL NUMBER (OCLC); LOCAL CALL NUMBER (RLIN) | |
| -- | 43052 |
| -- | 43052 |
| 100 ## - MAIN ENTRY--PERSONAL NAME | |
| Personal name | Aamir Maken; prof S.K.N. Zaidi (Advisor) and Mohammad Ismail (Reviewer) |
| 245 ## - TITLE STATEMENT | |
| Title | Design of Anemometer |
| Number of part/section of a work | 30TH 'A' EC |
| 260 ## - PUBLICATION, DISTRIBUTION, ETC. | |
| Place of publication, distribution, etc. | Karachi |
| Name of publisher, distributor, etc. | NED University |
| Date of publication, distribution, etc. | 1989 |
| 300 ## - PHYSICAL DESCRIPTION | |
| Extent | iii;58p |
| 500 ## - GENERAL NOTE | |
| General note | BE Project Reports |
| 942 ## - ADDED ENTRY ELEMENTS (KOHA) | |
| Institution code [OBSOLETE] | CAE NUST |
| Call number prefix | PR 1007 |
| Withdrawn status | Lost status | Damaged status | Not for loan | Collection code | Permanent Location | Current Location | Date acquired | Total Checkouts | Full call number | Barcode | Date last seen | Price effective from | Koha item type |
|---|---|---|---|---|---|---|---|---|---|---|---|---|---|
| College of Aeronautical Engineering (CAE) | College of Aeronautical Engineering (CAE) | 04/03/2017 | PR 1007 | CAEPR-1007 | 04/05/2017 | 04/05/2017 | Book |
